书目信息 |
| 题名: |
氯碱生产安全操作与事故
|
|
| 作者: | 化学工业技术监督司 , 中国化工安全卫生技术协会 组织编写 | |
| 分册: | ||
| 出版信息: | 北京 化学工业出版社 1996.06 |
|
| 页数: | 475页 | |
| 开本: | 32开 | |
| 丛书名: | ||
| 单 册: | ||
| 中图分类: | TQ114 | |
| 科图分类: | ||
| 主题词: | 氯碱生产 , 无机碱--生产 | |
| 电子资源: | ||
| ISBN: | 7-5025-1598-4 | |
| 000 | 00791nam0 2200217 45 | |
| 001 | 0011171130 | |
| 005 | 20001117114225.7 | |
| 010 | @a7-5025-1598-4@d25.00元 | |
| 100 | @a20001117d1996 km y0chiy0120 ea | |
| 101 | 0 | @achi |
| 105 | @a z 000yy | |
| 200 | 1 | @a氯碱生产安全操作与事故@ALu Jian Sheng Chan An Quan Cao Zuo Yu Shi Gu@f化学工业技术监督司,中国化工安全卫生技术协会组织编写@FHua Xue Gong Ye Ji Shu Jian Du Si,Zhong Guo Hua GongAn Quan Wei Sheng Ji Shu Xie Hui Zu Zhi Bian Xie |
| 210 | @a北京@c化学工业出版社@d1996.06 | |
| 215 | @a475页@d32开 | |
| 606 | 0 | @a氯碱生产 |
| 606 | 0 | @a无机碱@x生产 |
| 690 | @aTQ114@v3 | |
| 701 | 0 | @a化学工业技术监督司@4组织编写 |
| 701 | 0 | @a中国化工安全卫生技术协会@4组织编写 |
| 801 | @aCN@bPftUser@c20001117 | |
| 905 | @b411290-292@dTQ114@eH:282@f3 | |
| 氯碱生产安全操作与事故/化学工业技术监督司,中国化工安全卫生技术协会组织编写.-北京:化学工业出版社,1996.06 |
| 475页;32开 |
| ISBN 7-5025-1598-4:25.00元 |
| ● |
| 相关链接 |
|
|
|
正题名:氯碱生产安全操作与事故
索取号:TQ114/H:282
 
预约/预借
| 序号 | 登录号 | 条形码 | 馆藏地/架位号 | 状态 | 备注 |
| 1 | 411290 | 204112904 | 自科库501/501自科库 139排5列2层/ [索取号:TQ114/H:282] | 在馆 | |
| 2 | 411291 | 204112913 | 自科库501/501自科库 139排5列2层/ [索取号:TQ114/H:282] | 在馆 | |
| 3 | 411292 | 204112922 | 自科库501/501自科库 139排5列2层/ [索取号:TQ114/H:282] | 在馆 |